Countries that contain Y - Statistics

General Stats
  • This quiz has been taken 53 times
  • The average score is 13 of 19
Answer Stats
Answer % Correct
Yemen
94%
Paraguay
88%
Germany
86%
Italy
82%
Kyrgyzstan
76%
Turkey
76%
Hungary
72%
Norway
72%
Kenya
66%
Libya
66%
Syria
64%
Guyana
62%
Myanmar
62%
Malaysia
60%
Egypt
56%
Cyprus
54%
Seychelles
46%
Holy See | Vatican City
44%
Uraguay
38%
No matching quizzes found
Score Distribution
Percent of People with Each Score
Percentile by Number Answered
Your Score History
You have not taken this quiz